LEADER 01538nam a2200301 i 4500 001 000000246475 003 CaOOAMICUS 005 20230119140154.0 008 151112s1674 it u000 u ita u 013 $a225380 026 $aLAa- r-e- a-ar (2oi (C) 1674 (Q) 040 $aSeMil$bita 100 1 $aGatti, Giovanni Domenico .$0(OLS)http://semarc/name/40886 245 13$aLe due regnanti in un sol trono panegirico sacro ad onore di S. Carlo Borromeo. Detto da Gio: Domenico Gatti curato di Mercallo nel Duomo di Milano l'anno 1682. .. 260 $aIn Milano :$bNella Stampa arcivescovale,$c1674. 300 $a24 p. ;$c4º. 500 $aData di pubblicazione presunta, 1682, nel titolo 500 $aVignetta xilogr. sul front. 500 $aIniz., fregi xilogr. 500 $aSegn.: A12 650 4$aBorromeo, Carlo - Celebrativi.$0(OLS)http://semarc/subject/919 710 2 $aTipografia arcivescovile$b.$0(OLS)http://semarc/name/20021 773 0 $t[Panegirici in onore di San carlo Borromeo.$d[S.l. : s.n.] $w()5906 850 $aSeMil 852 $aSeMil$W1$xVenegono$y1$m3G VII 2/24 FA$j196821$B196821$CSeMilBibl$Z2$F207787 $8I 996 $6245$aLe due regnanti in un sol trono panegirico sacro ad onore di S. Carlo Borromeo. Detto da Gio: Domenico Gatti curato di Mercallo nel Duomo di Milano l'anno 1682. ..$9(OLS)http://semarc/title/348275 996 $6260$aIn Milano :$bNella Stampa arcivescovale$9(OLS)http://semarc/publisher/55076 LEADER 01026nam a2200229 i 4500 001 000000016938 003 CaOOAMICUS 005 20180830125443.0 008 180830s1964 it u000 u ita u 040 $aSeMil$bita 245 10$aPablo Picasso /$c[Alberto Martini]. 246 04$iTitolo in copertina:$aPicasso 260 $aMilano :$bFabbri,$c1964. 300 $a2 v. ([12] p., 34 p. di tav.) ;$c36 cm. 600 14$aPicasso, Pablo <1881-1973>.$0(OLS)http://semarc/subject/2764 700 1 $aMartini, Alberto,$d<1876-1954>.$0(OLS)http://semarc/name/7777 773 0 $tMaestri del colore.$dMilano : Fabbri, copyr. 1963-copyr. 1969.$w()1275 774 0 $tPrima parte.$kMaestri del colore : la più grande collana d'arte del mondo$w()156326 774 0 $tSeconda parte.$kMaestri del colore : la più grande collana d'arte del mondo$w()156329 996 $6245$aPablo Picasso$9(OLS)http://semarc/title/22399 996 $6246$aPicasso$9(OLS)http://semarc/title/22400 996 $6260$aMilano :$bFabbri$9(OLS)http://semarc/publisher/30054